Mercosur y transporte, un salto hacia adelante (recorte). /

Guardado en:
Autor Principal: Uria Leandro
Otros Autores: Vidal Mariano Abaldinelli Elvio
Formato: Libro
Publicado: Buenos Aires : Diario "la Naci¢n", 1997
Materias:
Fc
Etiquetas: Agregar Etiqueta
Sin Etiquetas, Sea el primero en etiquetar este registro!
LEADER 00523nam a22001815a 4500
001 CEM.cems009540
005 20060214000000.0
008 130507s1997##################000#0#####d
003 CEMS
082 0 4 |a F330 
100 1 |a Uria Leandro 
245 1 0 |a Mercosur y transporte, un salto hacia adelante (recorte). / 
260 |a Buenos Aires :  |b Diario "la Naci¢n",  |c 1997 
300 |a 4 p. 
653 |a Fc 
653 |a Mercosur 
700 1 |a Vidal Mariano Abaldinelli Elvio 
859 |a CEMS  |b BIB. CEMS - 11 de abril  |h F330  |i 14-5  |p 1526.44  |t Ej.1